Statistics for Fast Typing A to Z With a Yellow Box

Click here to take the quiz!

General Stats

  • This quiz has been taken 1,971 times
  • The average score is 24 of 26

Answer Stats

Answer% Correct
A
100%
B
99%
C
98%
D
97%
E
97%
F
97%
G
97%
H
97%
I
95%
J
94%
K
94%
L
94%
M
94%
N
93%
O
92%
P
92%
Q
90%
R
90%
S
89%
T
88%
U
87%
V
86%
W
83%
X
82%
Y
81%
Z
79%

Score Distribution

Percentile by Number Answered

Percent of People with Each Score

Your Score History

You have not taken this quiz